00331nam a2200121Ia 4500008004100000020001800041041000800059082001200067100002500079245004700104260004000151650001800191260624s2024 xx 000 0 und d a9789356963870 aeng a616.028 aAtul Prabha Kulkarni aCase Based Review in Crtical Care Medicine bJaypee Brothers Med. Pub.2024c2024 aCritical care